Niezapomniane Jedenastki #46: Holandia 1988 - Statystyki

Ogólne statystyki
  • Ten quiz został rozwiązany 38 razy
  • Średni wynik to 5 z 11
Statystyki odpowiedzi
Pozycja Klub Inicjały Zawodnik % Poprawnych
N Milan MvB Marco van Basten
97%
N Milan RG Ruud Gullit
91%
LP Mechelen EK Erwin Koeman
76%
ŚO Zaragoza FR Frank Rijkaard
76%
ŚO PSV RK Ronald Koeman
76%
ŚP Ajax JW Jan Wouters
27%
BR PSV HvB Hans van Breukelen
24%
ŚP Ajax AM Arnold Muhren
9%
LO Anderlecht AvT Adri van Tiggelen
6%
PO PSV BvA Berry van Aerle
6%
PP PSV GV Gerald Vanenburg
3%
Nie znaleziono quizów pasujących do podanych kryteriów
Rozkład punktacji
Procent ludzi z każdym wynikiem
Percentyl według liczby udzielonych odpowiedzi
Twoja historia wyników
Nie rozwiązałeś tego quizu